Szczegóły MARC21

Orfoèpičeskij slovar' russkogo âzyka : proiznošenie, udarenie, gramatičeskie formy : okolo 63500 slov /

003 -Nazwa inst., której nr kontr. jest w polu 001 [,]
    • @
    • Nazwa instytucji, której n kontrolny jest w polu 001
    • NUKAT
005 -DATA I CZAS OSTATNIEJ MODYFIKACJI [,]
    • @
    • pole kontrolne
    • 20250424180620.0
040 -Instytucja sporządzająca opis [ , ]
    • a
    • Instytucja, która sporządziła opis (NP)
    • OLSZT 003/bak
    • c
    • Instytucja, która sporządziła rekord (NP)
    • OLSZT 003/bak
942 -Rodzaj dokumentu [ , ]
    • c
    • Rodzaj dokumentu
    • Książka
100 -Hasło główne - nazwa osobowa [1, ]
    • a
    • Nazwa osobowa (NP)
    • Borunova, Svetlana Nikolaevna.
    • 9
    • KHW
    • 476416
245 -Strefa tytułu i oznaczenia odpowiedzialności [1,0]
    • a
    • Tytuł
    • Orfoèpičeskij slovar' russkogo âzyka : Find
    • b
    • Ciąg dalszy tytułu (NP)
    • proiznošenie, udarenie, gramatičeskie formy : okolo 63500 slov / Find
    • c
    • Pozostałe elementy strefy tytułu i oznaczenia odpowiedzialności (NP)
    • pod red. R. I. Avanesova ; [avt.: S. N. Borunova, V. L. Voroncova, N. A. Es'kova] ; Akademiâ nauk SSSR. Instytut russkogo âzyka.
260 -Strefa adresu wydawniczego [ , ]
    • a
    • Miejsce wydania (P)
    • Moskva :
    • b
    • Nazwa wydawcy (P)
    • Russkij âzyk,
    • c
    • Data wydania (P)
    • 1983.
300 -Strefa opisu fizycznego [ , ]
    • a
    • Określenie formy książki i/lub objętość (NP)
    • 702, [2] s. ;
    • c
    • Format (NP)
    • 24 cm.
336 -Typ zawartości [ , ]
    • a
    • Termin opisujący typ zawartości
    • Tekst
    • b
    • Kod określający zawartość
    • txt
    • 2
    • Źródło (terminu i kodu)
    • rdacontent
337 -Typ mediów [ , ]
    • a
    • Tryb odtwarzania
    • Bez urządzenia pośredniczącego
    • b
    • Kod typu mediów
    • n
    • 2
    • Źródło (terminu i kodu)
    • rdamedia
338 -Typ/rodzaj nośnika [ , ]
    • a
    • Hasło opisujące typ nośnika
    • Wolumin
    • b
    • Kod typu nośnika
    • nc
    • 2
    • Źródło (terminu i kodu)
    • rdacarrier
650 -Hasło przedmiotowe [ ,7]
    • a
    • Hasło przedmiotowe
    • Język rosyjski
    • x
    • Określnik rzeczowy
    • używanie
    • v
    • Określnik formalny
    • słowniki.
    • 2
    • Źródło terminu
    • kaba
    • 9
    • KHW
    • 424174
700 -Hasło dodatkowe - nazwa osobowa [1, ]
    • a
    • Nazwa osobowa (NP)
    • Voroncova, Vera Leonidovna. Find
    • 9
    • KHW
    • 476417
700 -Hasło dodatkowe - nazwa osobowa [1, ]
    • a
    • Nazwa osobowa (NP)
    • Esʹkova, Nataliâ Aleksandrovna Find
    • d
    • Daty biograficzne (NP)
    • (1930-2024).
    • 9
    • KHW
    • 476418
700 -Hasło dodatkowe - nazwa osobowa [1, ]
    • a
    • Nazwa osobowa (NP)
    • Avanesov, Ruben Ivanovič Find
    • d
    • Daty biograficzne (NP)
    • (1902-1982).
    • e
    • Określenie rodzaju współpracy
    • Red.
    • 9
    • KHW
    • 69650
Lokalizacja Status udost. Sygnatura Numer inwentarzowy
BG1 Z.56757
BG-3 W.118922
BM1ROS. Słowniki poprawnościowe 02R.3050